000 02205nab a2200289 a 4500
005 20210219162417.0
008 991125s1985 mx 000 0 spa u
035 _aUPN01000203813
049 _aART
100 1 _aMartínez López, Zeltia
100 1 _uzeltia.martinez@usc.es
100 1 _aPáramo Fernández, María Fernanda
100 1 _aGuisande Couñago, María Adelina
100 1 _aTinajero Vacas, Carolina
222 0 _aREVISTA LATINOAMERICANA DE PSICOLOGIA
245 0 0 _aApoyo social en universitarios españoles de primer año :
_bpropiedades psicométricas del Social Support Questionnaire-Short Form y el Social Provisions Scale
260 _aBogotá, Colombia
300 _a102-110
362 0 _a2014 Volumen 46, números 1-3
520 _aEl apoyo social percibido es un constructo multifacético conceptualizado como la valoración cognitiva de que existe una relación de confianza con los otros, con los que se puede contar en caso de necesidad. El objetivo de este trabajo es examinar las propiedades psicométricas de las escalas de apoyo social percibido Social Support Questionnaire-Short Form (SSQ6) y Social Provisions Scale (SPS) en una muestra de 855 universitarios, 575 mujeres y 280 hombres, matriculados en primer año de grado de 16 titulaciones de la Universidad de Santiago de Compostela (España). El SSQ6 mide las dimensiones de disponibilidad y satisfacción del apoyo percibido, mientras que el SPS evalúa sus funciones. Los análisis factoriales realizados confirman el modelo de dos dimensiones del SSQ6 y la estructura de seis factores del SPS. La consistencia interna de ambas escalas es satisfactoria, al igual que las evidencias de validez obtenidas de las correlaciones entre las dos escalas y sus respectivas subescalas. Los resultados revelan que las versiones españolas del SSQ6 y el SPS son medidas fiables y válidas para la evaluación del apoyo social percibido en población universitaria
653 0 _aAPOYO SOCIAL
653 0 _aESTUDIANTE UNIVERSITARIO
653 0 _aPROPIEDADES PSICOMETRICAS
653 0 _aSANTIAGO DE COMPOSTELA, ESPAÑA
856 4 _uhttp://www.scielo.org.co/pdf/rlps/v46n2/v46n2a04.pdf
905 _aArticulo
999 _c175914
_d175914